[Event "Baden-ch U14"]
[Site "Karlsruhe"]
[Date "2014.01.05"]
[Round "6"]
[White "Schrepp, Florian"]
[Black "Esslinger, Marcel"]
[Result "1-0"]
[WhiteElo "1367"]
[BlackElo "1103"]
[PlyCount "70"]
[EventDate "2014.01.??"]
[EventType "swiss"]
[EventRounds "7"]
[EventCountry "GER"]
[SourceTitle "EXT 2022"]
[Source "ChessBase"]
[SourceDate "2021.10.06"]
[SourceVersion "1"]
[SourceVersionDate "2021.10.06"]
[SourceQuality "1"]

1. e4 e5 2. Nf3 Nc6 3. Bb5 Nf6 4. d3 Ne7 5. Nxe5 c6 6. Nxc6 dxc6 7. Bc4 Ng6 8. 0-0 a5 9. a3 Bc5 10. Bg5 0-0 11. c3 h6 12. Bxf6 Qxf6 13. d4 Ba7 14. Nd2 Be6 15. Bd3 Nf4 16. Bc2 Qg5 17. g3 Ng6 18. f4 Nxf4 19. Rxf4 Bb8 20. Rf2 Bh3 21. e5 g6 22. Ne4 Qd8 23. Nf6+ Kg7 24. g4 h5 25. gxh5 Be6 26. hxg6 fxg6 27. Rg2 Rg8 28. Rxg6+ Kf8 29. Rxg8+ Bxg8 30. Qg4 Bf7 31. Nd7+ Ke7 32. Bf5 Ba7 33. Qh4+ Ke8 34. Qxd8+ Rxd8 35. e6 Bh5 1-0

[Event "Baden-ch U14"]
[Site "Karlsruhe"]
[Date "2014.01.03"]
[Round "4"]
[White "Fesenmeier, Karl"]
[Black "Esslinger, Marcel"]
[Result "1-0"]
[WhiteElo "1432"]
[BlackElo "1103"]
[PlyCount "45"]
[EventDate "2014.01.??"]
[EventType "swiss"]
[EventRounds "7"]
[EventCountry "GER"]
[SourceTitle "EXT 2022"]
[Source "ChessBase"]
[SourceDate "2021.10.06"]
[SourceVersion "1"]
[SourceVersionDate "2021.10.06"]
[SourceQuality "1"]

1. e4 e5 2. Bc4 Nc6 3. Nf3 Nf6 4. d3 Bc5 5. Bg5 d6 6. Nc3 Bg4 7. Nd5 Nd4 8. Nxf6+ gxf6 9. Be3 Bxf3 10. gxf3 Ne6 11. Rg1 Bb6 12. c3 Qd7 13. Qb3 0-0-0 14. 0-0-0 Rhg8 15. Bxb6 axb6 16. Rg3 Rg6 17. Rdg1 Rdg8 18. Kc2 R8g7 19. h4 h5 20. Rxg6 Nc5 21. Rxg7 Nxb3 22. Rg8+ Qd8 23. Rxd8+ 1-0